Clic Les acteurs ou actrices devenus stars après ces films... (2) - Statistiques

Statistiques générales
  • Ce quiz a été pris 204 fois
  • Le résultat moyen est 23 sur 32
Statistiques - réponses
Hint Extra Hint Réponse % Correct
Harry Potter à l'école des sorciers 2001 Daniel Radcliffe & Emma Watson
99%
Titanic 1997 Leonardo DiCaprio & Kate Winslet
97%
Terminator 1984 Arnold Schwarzenegger
93%
Top Gun 1986 Tom Cruise
93%
Rocky 1976 Sylvester Stalonne
92%
The Mask 1994 Jim Carrey
90%
Lara Croft Tomb Raider 2001 Angelina Jolie
88%
Pretty Woman 1990 Julia Roberts
88%
Gladiator 2000 Russel Crowe
86%
Casino Royale 2006 Daniel Craig
82%
Piège de cristal 1988 Bruce Willis
81%
Dirty Dancing 1987 Patrick Swayze
78%
La Guerre des étoiles 1977 Harison Ford
76%
La fièvre du samedi soir 1977 John Travolta
76%
Le cercle des poètes disparus 1989 Robin Williams
76%
James Bond 007 contre Dr No 1962 Sean Connery
73%
Le flic de Beverly Hills 1984 Eddy Murphy
72%
Alien - le 8ème passager 1979 Sigourney Weaver
72%
Pulp fiction 1994 Uma Thurman
71%
Le journal de Bridget Jones 2001 Renée Zelweger
70%
Entretien avec un vampire 1994 Brad Pitt
69%
La liste de Schindler 1993 Liam Neeson
69%
Will Hunting 1997 Matt Damon & Ben Affleck
69%
Basic Instinct 1992 Sharon Stone
66%
Mad Max 1979 Mel Gibson
62%
Independence Day 1996 Will Smith
61%
Ghost 1990 Demi Moore
55%
Big 1988 Tom Hanks
50%
...Et pour quelques dollars de plus 1965 Lee Van Cleef
49%
Les sept mercenaires 1960 Charles Bronson
46%
Miss Daisy et son chauffeur 1989 Morgan Freeman
39%
La grande évasion 1941 Humphrey Bogart
24%
Aucun quiz correspondant
Distribution des résultats
% des personnes avec chaque résultat
Percentile par nombre de réponses
Votre historique - résultats
Vous n’avez pas pris ce quiz